| 000 | 00824nam a2200229Ia 4500 | ||
|---|---|---|---|
| 003 | GCL | ||
| 008 | 140319s9999 xx 000 0 ara d | ||
| 040 |
_aGCL / _cGCL |
||
| 082 | 0 | 4 |
_aق _b932 _bع و |
| 100 | 1 | _aزهير الشايب (مترجم) | |
| 245 | 1 | 0 |
_aوصف مصر : الموسيقى والغناء عند قدماء المصريين (7) (هدية من الاديب عبدالفتاح الجمل) / _cزهير الشايب (مترجم) |
| 700 | 1 | _aعلماء الحملة الفرنسية | |
| 700 | 1 | _aعلماء الجمعية الشرعية | |
| 300 | _a188 ص | ||
| 490 | _a | ||
| 650 | 0 | 4 | _aمصر القديمة |
| 650 | 0 | 4 | _aالغناء |
| 650 | 0 | 4 | _aالالات الموسيقية |
| 650 | 0 | 4 | _aالموسيقى القديمة |
| 650 | 0 | 4 | _aالموسيقى المصرية |
| 942 |
_2ddc _cBK |
||
| 999 |
_c39244 _d39244 |
||